LDR 01041naa#a2200193#i#450# 001 RU\\bibl\121409 005 20260429170855.3 011 ## _a1994-4683 100 ## _a20230531b2023####ek#y0rusy0150####ca 102 ## _aRU 200 1# _aИСПОЛЬЗОВАНИЕ В ТРЕНИРОВОЧНОМ ПРОЦЕССЕ ЛЫЖНИКОВ-ГОНЩИКОВ СПЕЦИАЛИЗИРОВАННОГО КОМПЛЕКСА СКОРОСТНО-СИЛОВОЙ НАПРАВЛЕННОСТИ _eЖурнальная статья 210 1# _aМосква _cНациональный государственный Университет физической культуры, спорта и здоровья им. П.Ф. Лесгафта _d2023 215 ## _a6 с. 608 ## _aЖурнальная статья _2local 675 ## _aЛыжный спорт. Бег на лыжах. Лыжные гонки. Лыжный кросс. 796.92 _z 700 #1 _aГурский _gА В 700 #1 _aЧернова _gВ Н 700 #1 _aБубненкова _gО М 856 4# _auchzapiski.lesgaft.spb.ru _u